Famosos por letra - B - Estadísticas

Estadísticas generales
  • Esta prueba ha sido intentada 128 veces
  • La puntuación promedio es 10 de 16
Estadísticas de respuestas
Imagen Respuesta % Correcto
Brad Pitt
99%
Barack Obama
98%
Buda
92%
Bruno Mars
90%
Bob Marley
89%
Beyoncé
85%
Britney Spears
85%
Bill Gates
80%
Becky G
68%
Bill Clinton
60%
Blake Lively
50%
Benjamin Franklin
24%
Barbra Streisand
21%
Benito Juárez
13%
Brenda Strong
2%
Billy Cunningham
1%
No se encontraron pruebas coincidentes
Distribución de puntuación
Porcentaje de gente con cada puntuación
Porcentaje por número respondido
Historial de tus puntuaciones
No has intentado esta prueba.